Seminario de Derecho de Aguas. "Realidad y proyección del Derecho de Aguas". Análisis Histórico, Jurídico y Económico. 29 y 30 de julio 1998.
Enregistré dans:
| Collectivité auteur: | |
|---|---|
| Format: | Livre |
| Langue: | espagnol |
| Publié: |
Antofagasta, Chile:
Facultad de Ciencias Jurídicas; Universidad de Antofagasta.
1998.
|
| Édition: | Primera edición. |
| Collection: | Seminarios, 8.
|
| Sujets: | |
| Tags: |
Ajouter un tag
Pas de tags, Soyez le premier à ajouter un tag!
|
MARC
| LEADER | 00000nam a2200000 a 4500 | ||
|---|---|---|---|
| 001 | UCM7330 | ||
| 003 | CL-VaPUC | ||
| 005 | 20240605144409.0 | ||
| 008 | 021213e19981100cl 1 spa d | ||
| 999 | |c 383818 |d 383816 | ||
| 040 | |c Pontificia Universidad Católica de Valparaíso | ||
| 082 | 0 | 4 | |a 346.04691 UNI 1998 |2 21 |
| 110 | 2 | |a Universidad de Antofagasta. |e autor |9 620213 | |
| 245 | 1 | 0 | |a Seminario de Derecho de Aguas. |b "Realidad y proyección del Derecho de Aguas". Análisis Histórico, Jurídico y Económico. 29 y 30 de julio 1998. |
| 250 | |a Primera edición. | ||
| 260 | |a Antofagasta, Chile: |b Facultad de Ciencias Jurídicas; |b Universidad de Antofagasta. |c 1998. | ||
| 300 | |a 182 páginas. | ||
| 490 | 0 | |a Seminarios, 8. | |
| 500 | |a c.2 Donación Familia Prof. Alejandro Guzmán Brito. | ||
| 505 | 0 | 0 | |a - Bases y principios del Derecho de Aguas en especial de los usos consuetudinarios, Alejandro Vergara Blanco. - Notas sobre el régimen de las aguas en el Derecho Romano, Patricio Lazo González. - El régimen jurídico prehispano sobre las aguas y su inserción en el Derecho Indiano: algunas observaciones, José Antonio González Pizarro. - La administración de los recursos hídricos, Jaime Muñoz Rodríguez. - Colisión de derechos entre un concesionario minero y un concesionario de exploración de aguas subterráneas, Francisco Saavedra Galleguillos. - Derecho Administrativo Ambiental y Derecho de Aguas: algunas consideraciones sobre la protección ambiental de los recursos hídricos, Jorge Bermúdez Soto. - Asignación del recurso agua, Luis Simón Figueroa del Río. - El mercado de aprovechamiento de aguas en Chile, Guillermo Donoso Harris. |
| 583 | |a last modification |c 20021213 00:00:00 |k Rodrigo Vera | ||
| 650 | 0 | 0 | |a Derecho de aguas |9 257148 |z Chile |
| 650 | 0 | 0 | |a Aprovechamiento de aguas |9 368432 |
| 942 | |c BK |2 ddc |n 0 | ||
| 945 | |a vberengu |d 20021213 00:00:00 | ||
| 952 | |0 0 |1 0 |4 0 |6 346_046910000000000_UNI_1998 |7 0 |8 A |9 506094 |a BIBDER |b BIBDER |d 2020-01-23 |i 3868400 |l 1 |m 2 |o 346.04691 UNI 1998 |p 3868400 |r 2023-01-25 |s 2021-10-20 |w 2020-01-23 |y BK |k DER | ||